Picture composition for film and television

Αποθηκεύτηκε σε:
Λεπτομέρειες βιβλιογραφικής εγγραφής
Κύριος συγγραφέας: Ward, Peter 1936-
Μορφή: Βιβλίο
Γλώσσα:English
Δημοσίευση: Oxford : Focal Press, 2003
Έκδοση:2nd ed.
Θέματα:
Ετικέτες: Προσθήκη ετικέτας
Δεν υπάρχουν, Καταχωρήστε ετικέτα πρώτοι!

MARC

LEADER 00000nam a2200000 i 4500
001 1/77785
008 050601s2003 eng d
020 |a 0-240-51681-8 
035 |l 10078333 
040 |a GR-MY-UA  |b gre  |e aacr 
041 0 |a eng 
082 0 |a 778.53  |2 (22) 
100 1 |a Ward, Peter  |d 1936- 
245 1 0 |a Picture composition for film and television /  |c Peter Ward 
250 |a 2nd ed. 
260 |a Oxford :   |b Focal Press,   |c 2003 
300 |a xiv, 261 σ.;  |b εικ.;  |c 25 εκ. 
504 |a Περιέχει βιβλιογραφικές παραπομπές (σ. [249]-250) και ευρετήριο 
650 0 0 |a Cinematography. 
650 0 0 |a Composition (Photography) 
650 0 0 |a Motion pictures  |x Production and direction. 
650 0 0 |a Television  |x Production and direction. 
852 |a INST  |b LESVOS  |e 20050601  |h 778.53 WAR  |p 005100032289  |q 005100032289  |t BK  |y 0 
901 |a BIBL1-2005-2 
909 |a Λ  |b 113538 
920 |a ΔΙΕΥΡΥΝΣΗ  |b ΕΠΕΑΕΚ-ΠΤΕ  |y ΛΕΣΒΟΣ  |z 2004-09 
970 |a ΜΑΡΙΝΑΤΟΥ  |b ΜΥΡΣΙΝΗ  |z 2005/06/01